Zo štvormiliardových tržieb do miliónových strát

Medika sa z monopolného distributéra liekov a prvého miesta v rebríčku zaradila na šieste miesto s dlhom 90 miliónov Sk. Transformácia podniku Medika. Prehľad poklesu tržieb Mediky. Hlavní distributéri liekov a zdravotných pomôcok na Slovensku.

Salvato in:
Dettagli Bibliografici
Autore principale: Krištofičová, Dagmar
Natura: Capitolo di libro
Lingua:slovacco
Soggetti:
Tags: Aggiungi Tag
Nessun Tag, puoi essere il primo ad aggiungerne!!

MARC

LEADER 00000naa a2200000 4500
001 r035232
005 20230919123511.0
041 0 |a slo 
044 |a SK 
245 1 0 |a Zo štvormiliardových tržieb do miliónových strát  |c Dagmar Krištofičová 
520 |a Medika sa z monopolného distributéra liekov a prvého miesta v rebríčku zaradila na šieste miesto s dlhom 90 miliónov Sk. Transformácia podniku Medika. Prehľad poklesu tržieb Mediky. Hlavní distributéri liekov a zdravotných pomôcok na Slovensku. 
610 2 0 |a liečivá 
610 2 0 |a zdravotníctvo 
610 2 0 |a distribúcia 
610 2 0 |a úpadok podniku 
610 2 0 |a tržby 
610 2 0 |a liberalizácia 
610 2 0 |a trh 
610 2 0 |a transformácia 
610 2 0 |a Slovensko 
100 1 |a Krištofičová, Dagmar